• 首页
  • 本馆介绍
  • 公告通知
  • 最新文献
  • 馆藏检索
  • 电子资源
  • 读者导购
  • 参考咨询
  • 我的图书馆
  • 登录
  • 详细信息显示
  • 放入我的书架
  • 预约/预借图书
  • 作者相关作品
  • 分类相关作品
  • 丛书相关作品
  • 出版社相关作品

书目信息

  • 表格格式
  • 工作单格式
  • 卡片格式
题名:
体育公共关系
    
 
作者: 潘肖珏 主编
分册:  
出版信息: 上海   复旦大学出版社  2005
页数: 248页
开本: 23cm
丛书名: 博学·体育经济管理丛书
单 册:
中图分类: G80-05
科图分类:
主题词: 体育--公共关系学--高等学校--教材 , 公共关系学 , 体育
电子资源:
ISBN: 7-309-04368-5
000 01029oam2 2200301 45
001 0900000027226
005 20051129103004.29
010    @a7-309-04368-5@dCNY25.00
092    @aCN
100    @a20050331d2005 ekmy0chiy0120 ea
101 0  @achi
102    @aCN@b310000
105    @ay az 000yy
200 1  @a体育公共关系@9ti yu gong gong guan xi@f潘肖珏主编@Fpan xiao jue zhu bian
210    @a上海@c复旦大学出版社@d2005
215    @a248页@d23cm
225 2  @a博学·体育经济管理丛书
320    @a有书目
330    @a本书包括:绪论、体育公共关系的构成要素、体育公共关系的原则、体育公共关系中的主要公众关系、体育公共关系的策略、体育公关实务、体育公关专职机构与人员素质、体育公共关系分类举要8章,每章后附有相关链接和复习思考题。
410  0 @12001 @a博学·体育经济管理丛书
606 0  @a体育@x公共关系学@x高等学校@j教材
606 0  @a公共关系学
606 0  @a体育
690    @aG80-05@v4
701  0 @a潘肖珏@Apan xiao jue@4主编
801  0 @aCN@bCXYBOOK@c20051129
905    @a10447@dG80-05@e153
999    @aHSJ@eJDD
    
    体育公共关系/潘肖珏主编.-上海:复旦大学出版社,2005
    248页;23cm.-(博学·体育经济管理丛书)
    
    
    ISBN 7-309-04368-5:CNY25.00
    本书包括:绪论、体育公共关系的构成要素、体育公共关系的原则、体育公共关系中的主要公众关系、体育公共关系的策略、体育公关实务、体育公关专职机构与人员素质、体育公共关系分类举要8章,每章后附有相关链接和复习思考题。
●
相关链接 在E读中查询图书 在五车中查询图书 在当当中查询图书 在豆瓣中查询图书


正题名:体育公共关系     索取号:G80-05/153         预约/预借

序号 登录号 条形码 馆藏地/架位号 状态 备注
1 0369660   203696606   第一样本阅览室/ [索取号:G80-05/153] 在馆    
唐山师范学院图书馆 欢迎您!
大连网信软件有限公司© 版权所有